000 00526nam a2200205Ia 4500
008 220204s9999 xx 000 0 und d
082 _a581.19
_bREI.4;1
245 0 _aProgress in phytochemistry. V4
260 _aNew York
_bPergamon
_c1977
650 _aBiochemistry
650 _aCyanogenic glycoside
650 _aFlavonoid sulphate
650 _aHigher plant
650 _aNitrogen assimilation
650 _aPhytochemistry
650 _aPlant amine
650 _aSteroid
700 _aREINHOLD, L
942 _cBK
999 _c27605
_d27605